000 00254nam a2200097Ia 4500
001 688519
005 20250826161616.0
008 250824s9999 xx 000 0 und d
245 0 _aOSMANLILAR VE ERMENİLER
_cEDWARD J. ERİCKSON
260 _bTİMAŞ YAYINLARI
999 _c688519
_d688519